La inversión extranjera directa y otras formas de financiamiento externo : (Registro nro. 12363)
[ vista simple ]
| 000 -LEADER | |
|---|---|
| fixed length control field | 01528cam a2200289 a 4500 |
| 003 - CONTROL NUMBER IDENTIFIER | |
| control field | OSt |
| 005 - DATE AND TIME OF LATEST TRANSACTION | |
| control field | 20210906105816.0 |
| 008 - FIXED-LENGTH DATA ELEMENTS--GENERAL INFORMATION | |
| fixed length control field | 970413s1996 ck d r 0 0 0 spa d |
| 020 ## - INTERNATIONAL STANDARD BOOK NUMBER | |
| International Standard Book Number | 9586282015 |
| 040 ## - CATALOGING SOURCE | |
| Original cataloging agency | CO-BoPUJ |
| Transcribing agency | CO-JMCR |
| 041 0# - LANGUAGE CODE | |
| Language code of text/sound track or separate title | spa |
| 082 04 - DEWEY DECIMAL CLASSIFICATION NUMBER | |
| Classification number | 332.673 / |
| Item number | M386I |
| Edition number | 23 |
| 100 1# - MAIN ENTRY--PERSONAL NAME | |
| Personal name | Martínez Ortiz, Astrid, |
| Relator term | autor |
| 9 (RLIN) | 2635 |
| 245 13 - TITLE STATEMENT | |
| Title | La inversión extranjera directa y otras formas de financiamiento externo : |
| Remainder of title | dos ensayos de economía internacional : notas para el examen del periodo reciente en América Latina / |
| Statement of responsibility, etc. | Astrid Martínez Ortiz, Universidad Nacional de Colombia |
| 250 ## - EDITION STATEMENT | |
| Edition statement | Primera edición |
| 260 ## - PUBLICATION, DISTRIBUTION, ETC. | |
| Place of publication, distribution, etc. | Bogotá : |
| Name of publisher, distributor, etc. | Universidad Nacional de Colombia, |
| Date of publication, distribution, etc. | 1996. |
| 300 ## - PHYSICAL DESCRIPTION | |
| Extent | 119 páginas : |
| Other physical details | ilustraciones y gráficas en blanco y negro ; |
| Dimensions | 24 cm. |
| 500 ## - GENERAL NOTE | |
| General note | Datos biográficos de la autora y notas a pie de página. |
| 504 ## - BIBLIOGRAPHY, ETC. NOTE | |
| Bibliography, etc. note | Bibliografía : páginas 109-119. |
| 505 0# - FORMATTED CONTENTS NOTE | |
| Formatted contents note | La inversión extranjera directa: determinantes y evidencia empírica. -- Impacto de la inversión extranjera en los países en desarrollo. Evidencia empírica. -- La evolución reciente del entorno económico internacional y fuentes de financiación externa para América Latina. |
| 650 24 - SUBJECT ADDED ENTRY--TOPICAL TERM | |
| Topical term or geographic name entry element | Instituciones financieras |
| Geographic subdivision | Colombia |
| 9 (RLIN) | 8991 |
| 650 24 - SUBJECT ADDED ENTRY--TOPICAL TERM | |
| Topical term or geographic name entry element | Inversiones extranjeras |
| Geographic subdivision | Colombia |
| 9 (RLIN) | 7872 |
| 651 14 - SUBJECT ADDED ENTRY--GEOGRAPHIC NAME | |
| Geographic name | Colombia |
| General subdivision | Política económica |
| 9 (RLIN) | 6872 |
| 651 24 - SUBJECT ADDED ENTRY--GEOGRAPHIC NAME | |
| Geographic name | Colombia |
| General subdivision | Comercio exterior |
| 9 (RLIN) | 36905 |
| 710 2# - ADDED ENTRY--CORPORATE NAME | |
| Corporate name or jurisdiction name as entry element | Universidad Nacional de Colombia |
| Subordinate unit | Facultad de Ciencias Económicas |
| 9 (RLIN) | 39990 |
| 942 ## - ADDED ENTRY ELEMENTS (KOHA) | |
| Source of classification or shelving scheme | Dewey Decimal Classification |
| Koha item type | Books |
| Withdrawn status | Lost status | Source of classification or shelving scheme | Damaged status | Not for loan | Home library | Current library | Shelving location | Date acquired | Source of acquisition | Full call number | Barcode | Date last seen | Copy number | Price effective from | Koha item type |
|---|---|---|---|---|---|---|---|---|---|---|---|---|---|---|---|
| Dewey Decimal Classification | Biblioteca Pública José María del Castillo y Rada | Biblioteca Pública José María del Castillo y Rada | General Stacks | 04/15/2018 | Donación | 332.673 / M386I | 430005882 | 05/16/2024 | Ej.1 | 03/10/2021 | Books |